[Event "Mecklenburg VP LL2 Ost 1718"]
[Site "Mecklenburg VP"]
[Date "2018.04.22"]
[Round "9.5"]
[White "Buenz, Heinrich"]
[Black "Micheel, Peter"]
[Result "1-0"]
[WhiteElo "1671"]
[BlackElo "1665"]
[PlyCount "138"]
[EventDate "2017.10.08"]
[EventType "team-tourn"]
[EventRounds "9"]
[EventCountry "GER"]
[SourceTitle "EXT 2022"]
[Source "ChessBase"]
[SourceDate "2021.10.06"]
[SourceVersion "1"]
[SourceVersionDate "2021.10.06"]
[SourceQuality "1"]
[WhiteTeam "Neubrandenburg SG Eintracht II"]
[BlackTeam "Graal Mueritz"]
[WhiteTeamCountry "GER"]
[BlackTeamCountry "GER"]

1. Nf3 d5 2. c4 e6 3. g3 dxc4 4. Qa4+ Bd7 5. Qxc4 Bc6 6. Bg2 Nf6 7. 0-0 Bd6 8. d3 0-0 9. e4 Nbd7 10. Nbd2 Nb6 11. Qc2 e5 12. b3 Re8 13. Bb2 Bd7 14. d4 exd4 15. Nxd4 c5 16. N4f3 Bf8 17. Rad1 Qe7 18. Rfe1 Rac8 19. Nh4 Be6 20. Nf5 Bxf5 21. exf5 Qc7 22. Bxf6 gxf6 23. Re4 Rxe4 24. Qxe4 Rd8 25. Qg4+ Bg7 26. Bf3 Qe5 27. Kg2 Rd4 28. Ne4 Nd5 29. Rxd4 cxd4 30. Nd2 b5 31. Bxd5 Qxd5+ 32. Qe4 Qd7 33. f4 Bf8 34. Qd3 Bc5 35. Ne4 Be7 36. Kf3 Kg7 37. g4 Qd5 38. h4 h6 39. Ke2 Bd8 40. Qf3 Qc6 41. Qd3 Qd5 42. Kf3 a5 43. Kg3 Be7 44. Nc3 Qh1 45. Qxd4 Qe1+ 46. Kg2 Qxh4 47. Qd1 Bb4 48. Nxb5 Be1 49. Qf3 Bb4 50. Qg3 Qxg3+ 51. Kxg3 Kf8 52. Nc7 Bd2 53. Nd5 Kg7 54. Kh4 Be1+ 55. Kh5 Bd2 56. Kh4 Be1+ 57. Kh3 Bf2 58. b4 axb4 59. Nxb4 Bc5 60. Nd5 Bd4 61. a4 Kf8 62. Kh4 Ke8 63. Kh5 Kd7 64. Kxh6 Kd6 65. Nb4 Kc5 66. Nc2 Bc3 67. Kg7 Kb6 68. Kxf7 Ka5 69. g5 Kxa4 1-0

[Event "Mecklenburg VP LL2 Ost 1617"]
[Site "Mecklenburg VP"]
[Date "2017.03.19"]
[Round "7.5"]
[White "Jepp, Wolfgang"]
[Black "Micheel, Peter"]
[Result "1/2-1/2"]
[WhiteElo "1501"]
[BlackElo "1697"]
[PlyCount "61"]
[EventDate "2016.10.16"]
[EventType "team-tourn"]
[EventRounds "9"]
[EventCountry "GER"]
[SourceTitle "EXT 2022"]
[Source "ChessBase"]
[SourceDate "2021.10.06"]
[SourceVersion "1"]
[SourceVersionDate "2021.10.06"]
[SourceQuality "1"]
[WhiteTeam "Bergen Rugia"]
[BlackTeam "Graal Mueritz"]
[WhiteTeamCountry "GER"]
[BlackTeamCountry "GER"]

1. e4 e6 2. d4 d5 3. exd5 exd5 4. Bd3 Bd6 5. Ne2 Nf6 6. 0-0 0-0 7. Re1 Bg4 8. f3 Bh5 9. Bf4 Bg6 10. Bxd6 Qxd6 11. c3 Nbd7 12. Qc2 Rfe8 13. Bxg6 hxg6 14. Nd2 Re7 15. Ng3 Rae8 16. Rxe7 Qxe7 17. Ndf1 c6 18. Qd2 Nb6 19. b3 Nc8 20. Kf2 Nd6 21. Re1 Qxe1+ 22. Qxe1 Rxe1 23. Kxe1 Nh5 24. Kd2 Nf4 25. Ne3 Kf8 26. Ne2 Ne6 27. Kd3 Ke7 28. c4 dxc4+ 29. bxc4 Nf5 30. g3 Nxe3 31. Kxe3 1/2-1/2

[Event "Mecklenburg VP LL2 Ost 1617"]
[Site "Mecklenburg VP"]
[Date "2017.02.26"]
[Round "6.6"]
[White "Jabbusch, Burkhard"]
[Black "Micheel, Peter"]
[Result "0-1"]
[WhiteElo "1587"]
[BlackElo "1697"]
[PlyCount "110"]
[EventDate "2016.10.16"]
[EventType "team-tourn"]
[EventRounds "9"]
[EventCountry "GER"]
[SourceTitle "EXT 2022"]
[Source "ChessBase"]
[SourceDate "2021.10.06"]
[SourceVersion "1"]
[SourceVersionDate "2021.10.06"]
[SourceQuality "1"]
[WhiteTeam "Stralsund FHSG II"]
[BlackTeam "Graal Mueritz"]
[WhiteTeamCountry "GER"]
[BlackTeamCountry "GER"]

1. f4 d5 2. Nf3 c5 3. e3 Nf6 4. g3 e6 5. Bg2 Nc6 6. 0-0 Be7 7. d3 0-0 8. Nbd2 b6 9. e4 dxe4 10. dxe4 Bb7 11. h3 Qc7 12. Re1 Rad8 13. c3 e5 14. f5 Ba6 15. Qa4 Bd3 16. Bf1 Bxf1 17. Rxf1 Rd7 18. Qc2 Rfd8 19. Kg2 Ne8 20. Nc4 b5 21. Ne3 Nf6 22. Ng4 Nxg4 23. hxg4 Qd6 24. Be3 Qd3 25. Qxd3 Rxd3 26. Rae1 f6 27. Kf2 a5 28. Ke2 a4 29. Rd1 Rxd1 30. Rxd1 Rxd1 31. Kxd1 Na5 32. Nd2 Nc4 33. Nxc4 bxc4 34. Kc2 Kf7 35. b3 axb3+ 36. axb3 Ke8 37. bxc4 Kd7 38. Kb3 Kc6 39. Bc1 Kb6 40. Kc2 h6 41. Kd3 Ka5 42. Ke2 Ka4 43. Kf3 Kb3 44. Bd2 Kxc4 45. Ke2 Bd8 46. Be3 Ba5 47. Kd2 Bxc3+ 48. Kc2 Bd4 49. Bd2 Bf2 50. Ba5 Bxg3 51. Bd8 Kd4 52. Be7 Bf4 53. Bf8 Kxe4 54. Bxc5 Kf3 55. Kd3 e4+ 0-1

[Event "Mecklenburg VP LL2 Ost 1617"]
[Site "Mecklenburg VP"]
[Date "2016.12.04"]
[Round "4.7"]
[White "Micheel, Peter"]
[Black "Schreiner, Wolfgang"]
[Result "1/2-1/2"]
[WhiteElo "1697"]
[BlackElo "1786"]
[PlyCount "51"]
[EventDate "2016.10.16"]
[EventType "team-tourn"]
[EventRounds "9"]
[EventCountry "GER"]
[SourceTitle "EXT 2022"]
[Source "ChessBase"]
[SourceDate "2021.10.06"]
[SourceVersion "1"]
[SourceVersionDate "2021.10.06"]
[SourceQuality "1"]
[WhiteTeam "Graal Mueritz"]
[BlackTeam "Waren Malchow"]
[WhiteTeamCountry "GER"]
[BlackTeamCountry "GER"]

1. e4 c5 2. Nf3 e6 3. d4 cxd4 4. Nxd4 a6 5. Nc3 Qc7 6. Bd3 Nf6 7. 0-0 Be7 8. a4 0-0 9. Qe2 d6 10. Kh1 Nbd7 11. f4 Nc5 12. e5 Nxd3 13. cxd3 Ne8 14. Nf3 d5 15. d4 g6 16. Be3 Bd7 17. Rfc1 Qb6 18. g4 Ng7 19. a5 Qb4 20. Ne1 Rac8 21. Nd3 Qb3 22. Qc2 Qxc2 23. Rxc2 Bb5 24. Nc5 Bxc5 25. dxc5 Bc6 26. Bd4 1/2-1/2

[Event "MVP-ch Seniors op 16th"]
[Site "Binz"]
[Date "2016.11.29"]
[Round "7.37"]
[White "Micheel, Peter"]
[Black "Glawe, Hartmut"]
[Result "1/2-1/2"]
[WhiteElo "1848"]
[BlackElo "1994"]
[PlyCount "24"]
[EventDate "2016.11.23"]
[EventType "swiss"]
[EventRounds "9"]
[EventCountry "GER"]
[SourceTitle "EXT 2018"]
[Source "ChessBase"]
[SourceDate "2017.10.13"]
[SourceVersion "1"]
[SourceVersionDate "2017.10.13"]
[SourceQuality "1"]

1. e4 c5 2. Nf3 d6 3. d4 cxd4 4. Qxd4 Nc6 5. Bb5 Bd7 6. Bxc6 Bxc6 7. Nc3 e6 8. Bg5 Qb6 9. 0-0-0 Qxd4 10. Nxd4 Be7 11. Bxe7 Kxe7 12. Rhe1 Nh6 1/2-1/2

[Event "MVP-ch Seniors op 16th"]
[Site "Binz"]
[Date "2016.11.24"]
[Round "2.63"]
[White "Micheel, Peter"]
[Black "Gottschalk, Juergen"]
[Result "1-0"]
[WhiteElo "1848"]
[BlackElo "1640"]
[PlyCount "59"]
[EventDate "2016.11.23"]
[EventType "swiss"]
[EventRounds "9"]
[EventCountry "GER"]
[SourceTitle "EXT 2018"]
[Source "ChessBase"]
[SourceDate "2017.10.13"]
[SourceVersion "1"]
[SourceVersionDate "2017.10.13"]
[SourceQuality "1"]

1. e4 e5 2. Nf3 Nc6 3. Bb5 d6 4. d4 Bd7 5. dxe5 dxe5 6. Nc3 Bd6 7. Bg5 Nge7 8. Qd2 0-0 9. 0-0-0 a6 10. Bc4 Be6 11. Nd5 Qc8 12. h3 b5 13. Nxe7+ Nxe7 14. Bxe7 Bxe7 15. Bxe6 Qxe6 16. Qd5 Qh6+ 17. Kb1 Qb6 18. Qxe5 Bf6 19. Qg3 a5 20. e5 Be7 21. Rd2 Rad8 22. Rhd1 Rxd2 23. Rxd2 Rd8 24. Rxd8+ Bxd8 25. Ne1 a4 26. Nd3 b4 27. Qe3 Qb7 28. e6 fxe6 29. Qxe6+ Kf8 30. Ne5 1-0

[Event "Hessen-ch Seniors op 12th"]
[Site "Bad Sooden-Allendorf"]
[Date "2016.05.03"]
[Round "4"]
[White "Micheel, Peter"]
[Black "Goertz, Hans Georg"]
[Result "1/2-1/2"]
[WhiteElo "1868"]
[BlackElo "1982"]
[PlyCount "73"]
[EventDate "2016.04.30"]
[EventType "swiss"]
[EventRounds "9"]
[EventCountry "GER"]
[SourceTitle "EXT 2019"]
[Source "ChessBase"]
[SourceDate "2018.10.10"]
[SourceVersion "1"]
[SourceVersionDate "2018.10.10"]
[SourceQuality "1"]

1. e4 d6 2. d4 g6 3. c3 Bg7 4. Nf3 Nf6 5. Bd3 0-0 6. 0-0 Nbd7 7. Re1 e5 8. dxe5 Nxe5 9. Nxe5 dxe5 10. Na3 Qe7 11. Bg5 c5 12. Qe2 a6 13. Nc4 Qc7 14. Bxf6 Bxf6 15. Ne3 Be6 16. Nd5 Qd8 17. Nxf6+ Qxf6 18. Bc4 Rfd8 19. Rad1 b5 20. Bxe6 Qxe6 21. b3 Qb6 22. Rxd8+ Rxd8 23. Rd1 Qa5 24. Rxd8+ Qxd8 25. Kf1 b4 26. cxb4 cxb4 27. Ke1 Qd4 28. Qc2 a5 29. Ke2 Kg7 30. h3 Qd6 31. Kf3 h5 32. Ke2 Qd4 33. f3 Qg1 34. Kd3 Qf1+ 35. Qe2 Qc1 36. Qc2 Qf1+ 37. Qe2 1/2-1/2

[Event "MVP-ch Seniors op 15th"]
[Site "Binz"]
[Date "2015.11.25"]
[Round "2.62"]
[White "Micheel, Peter"]
[Black "Scholz, Jutta"]
[Result "1/2-1/2"]
[WhiteElo "1694"]
[BlackElo "1390"]
[PlyCount "66"]
[EventDate "2015.11.24"]
[EventType "swiss"]
[EventRounds "9"]
[EventCountry "GER"]
[SourceTitle "EXT 2017"]
[Source "ChessBase"]
[SourceDate "2016.10.25"]
[SourceVersion "1"]
[SourceVersionDate "2016.10.25"]
[SourceQuality "1"]

1. e4 g6 2. d4 d6 3. Nf3 Bg7 4. Be2 Nf6 5. Nc3 0-0 6. 0-0 Bg4 7. h3 Bxf3 8. Bxf3 Nc6 9. Be3 Nd7 10. Qd2 e5 11. d5 Ne7 12. Be2 a6 13. a4 f5 14. f3 f4 15. Bf2 Kh8 16. a5 h6 17. b4 Qc8 18. Na4 Rd8 19. c4 Qb8 20. c5 dxc5 21. Nxc5 Nxc5 22. Bxc5 Nc8 23. Qc2 Nd6 24. Rfc1 Bf8 25. Ra3 Rd7 26. Rc3 Qd8 27. Bf2 Rc8 28. Bb6 cxb6 29. Rxc8 Nxc8 30. Qxc8 Qxc8 31. Rxc8 Kg7 32. axb6 Bd6 33. Rc4 Kf6 1/2-1/2